Cuerpo, emociones y sentido de vida : (Registro nro. 67847)
[ vista simple ]
| 000 -LEADER | |
|---|---|
| campo de control de longitud fija | 06261nam a2200661 i 4500 |
| 001 - NÚMERO DE CONTROL | |
| campo de control | 67847 |
| 003 - IDENTIFICADOR DE NÚMERO DE CONTROL | |
| campo de control | FINmELB |
| 005 - FECHA Y HORA DE LA ÚLTIMA TRANSACCIÓN | |
| campo de control | 20241217142838.0 |
| 006 - CÓDIGOS DE INFORMACIÓN DE LONGITUD FIJA--CARACTERÍSTICAS DEL MATERIAL ADICIONAL | |
| campo de control de longitud fija | m o u |
| 007 - CAMPO FIJO DE DESCRIPCIÓN FÍSICA--INFORMACIÓN GENERAL | |
| campo de control de longitud fija | cr cn||||||||| |
| 008 - DATOS DE LONGITUD FIJA--INFORMACIÓN GENERAL | |
| campo de control de longitud fija | 230404s2021 ck abdofob s000 0 spa d |
| 020 ## - NÚMERO INTERNACIONAL ESTÁNDAR DEL LIBRO | |
| Número Internacional Estándar del Libro | 978-958-794-545-4 |
| Información calificativa | (digital) |
| 020 ## - NÚMERO INTERNACIONAL ESTÁNDAR DEL LIBRO | |
| ISBN cancelado o inválido | 978-958-794-544-7 |
| Información calificativa | (IBD) |
| 020 ## - NÚMERO INTERNACIONAL ESTÁNDAR DEL LIBRO | |
| ISBN cancelado o inválido | 978-958-794-543-0 |
| Información calificativa | (papel) |
| 035 ## - NÚMERO DE CONTROL DEL SISTEMA | |
| Número de control de sistema | (OCoLC)1377204620 |
| 040 ## - FUENTE DE CATALOGACIÓN | |
| Centro catalogador/agencia de origen | FINmELB |
| Lengua de catalogación | spa |
| Normas de descripción | rda |
| Centro/agencia transcriptor | FINmELB |
| 050 14 - SIGNATURA TOPOGRÁFICA DE LA BIBLIOTECA DEL CONGRESO | |
| Número de clasificación | HV6546 |
| Número de ítem | .C847 2021 |
| 080 ## - NÚMERO DE LA CLASIFICACIÓN DECIMAL UNIVERSAL | |
| Número de la Clasificación Decimal Universal | 616.89-008.441.44 |
| 082 04 - NÚMERO DE LA CLASIFICACIÓN DECIMAL DEWEY | |
| Número de clasificación | 362.280835 |
| Información de edición | 23 |
| 245 00 - MENCIÓN DEL TÍTULO | |
| Título | Cuerpo, emociones y sentido de vida : |
| Resto del título | investigación para la comprensión del sufrimiento emocional profundo y la ideación suicida en estudiantes de la Universidad Nacional de Colombia - Sede Bogotá / |
| Mención de responsabilidad, etc. | Bertha J. Niño M., editora. |
| 246 30 - FORMA VARIANTE DEL TITULO | |
| Título propio/Titulo breve | Investigación para la comprensión del sufrimiento emocional profundo y la ideación suicida en estudiantes de la Universidad Nacional de Colombia - Sede Bogotá |
| 250 ## - MENCION DE EDICION | |
| Mención de edición | Primera edición. |
| 264 #1 - PRODUCCIÓN, PUBLICACIÓN, DISTRIBUCIÓN, FABRICACIÓN Y COPYRIGHT | |
| Producción, publicación, distribución, fabricación y copyright | Bogotá : |
| Nombre del de productor, editor, distribuidor, fabricante | Universidad Nacional de Colombia. Vicerrectoría de Investigación. Editorial, |
| Fecha de producción, publicación, distribución, fabricación o copyright | 2021. |
| 300 ## - DESCRIPCIÓN FÍSICA | |
| Extensión | 1 recurso en línea (303 páginas) : |
| Otras características físicas | ilustraciones a color, diagramas, fotografías, mapas |
| 336 ## - TIPO DE CONTENIDO | |
| Término de tipo de contenido | texto |
| Código de tipo de contenido | txt |
| Fuente | rdacontent/spa |
| 337 ## - TIPO DE MEDIO | |
| Nombre/término del tipo de medio | computadora |
| Código del tipo de medio | c |
| Fuente | rdamedia/spa |
| 338 ## - TIPO DE SOPORTE | |
| Nombre/término del tipo de soporte | recurso en línea |
| Código del tipo de soporte | cr |
| Fuente | rdacarrier/spa |
| 490 1# - MENCIÓN DE SERIE | |
| Mención de serie | Colección Escuela de Pensamiento |
| 500 ## - NOTA GENERAL | |
| Nota general | Incluye perfil académico de la editora en la solapa del libro. |
| 500 ## - NOTA GENERAL | |
| Nota general | Incluye perfil académico de los autores en las páginas finales del libro. |
| 500 ## - NOTA GENERAL | |
| Nota general | Incluye lista de figuras y tablas. |
| 504 ## - NOTA DE BIBLIOGRAFÍA, ETC. | |
| Nota de bibliografía, etc. Nota | Incluye referencias bibliográficas al final de cada capítulo. |
| 505 0# - NOTA DE CONTENIDO CON FORMATO | |
| Nota de contenido con formato | Presentación / Bertha J. Niño M. -- Agradecimientos / Dolly Montoya Castaño (rectora) -- Introducción ; El problema: sufrimiento emocional profundo en estudiantes de la Universidad Nacional de Colombia - Sede Bogotá ; Marco conceptual y antecedentes ; Enfoques aplicados a la investigación ; Premisas de la investigación ; Categorías de análisis ; Sufrimiento emocional profundo ; Suicidología -- Metodología ; Objetivos ; Estructura analítica ; Estrategias metodológicas -- Procedimiento ; Participantes ; Talleres investigativos ; Procedimiento de las entrevistas ; Acciones de seguimiento -- Resultados ; Contextualización de la salud mental y el sufrimiento emocional profundo en las y los estudiantes de la Universidad Nacional de Colombia - Sede Bogotá ; Organización y vivencia subjetiva 89 Las situaciones de familia en el sufrimiento emocional profundo ; Universidad y comunidad ; Papel de la Universidad en el acompañamiento al sufrimiento emocional profundo -- Discusión: las relaciones y las conexiones ; Sobre el cuerpo y la subjetividad ; Riesgos de suicidio en estudiantes: una mirada desde el enfoque de género ; Riesgo de suicidio asociado a vínculos, relaciones y lugar del estudiante en la familia ; Sufrimiento emocional profundo y riesgo de suicidio asociado a la Universidad ; Universidad protectora de vida ; Factores protectores y resilientes -- Apreciaciones conclusivas, aprendizajes y recomendaciones ; Fortalecer la autonomía: el tejido en red, la atención y prevención desde los escenarios colectivos atendiendo a las particularidades de los sujetos --. |
| 505 0# - NOTA DE CONTENIDO CON FORMATO | |
| Nota de contenido con formato | Casa Tejido de Vida. Propuesta de intervención en sufrimiento emocional profundo e ideación suicida en estudiantes de la Universidad Nacional de Colombia -- Algunos elementos para retroalimentar la política en la Universidad ; Sufrimiento emocional profundo e ideación suicida en la población joven ; La salud mental integral: un compromiso con la comunidad universitaria ; Recomendaciones a la política de salud mental -- Anexo. Propuesta de herramientas para el diseño y desarrollo de talleres con madres y padres de familia. |
| 520 3# - RESUMEN, ETC. | |
| Sumario, etc. | Este libro presenta los principales hallazgos de la investigación que, sobre sufrimiento emocional profundo e ideación suicida, se adelantó con estudiantes de la Universidad Nacional de Colombia - Sede Bogotá; siendo su propósito comprender de manera más cercana las implicaciones psicológicas, emocionales y de sentido, vinculados al sufrimiento emocional y psíquico de los estudiantes junto a la toma de decisiones sobre su propia vida. A partir de esta, se plantean modelos de atención más integrales e integrativos con dinámicas altamente participativas de habla y escucha, para aquellos estudiantes que viven un sufrimiento profundo y desestabilizador, y herramientas de acompañamiento e intervención con las familias, amigos y compañeros de los estudiantes en situaciones de crisis profunda y de aquellos que han partido de este mundo por decisión propia. |
| 588 ## - NOTA DE FUENTE DE LA DESCRIPCIÓN | |
| Nota de fuente de la descripción | Descripción basada en metadatos suministrados por el editor y otras fuentes. |
| 590 ## - NOTA LOCAL (RLIN) | |
| Nota local | Recurso electrónico. Santa Fe, Arg.: elibro, 2023. Disponible vía World Wide Web. El acceso puede estar limitado para las bibliotecas afiliadas a elibro. |
| 610 24 - PUNTO DE ACCESO ADICIONAL DE MATERIA--NOMBRE DE ENTIDAD CORPORATIVA | |
| Nombre de entidad corporativa o nombre de jurisdicción como elemento de entrada | Universidad Nacional de Colombia (Sede Bogotá) |
| Subdivisión general | Investigaciones. |
| 650 14 - PUNTO DE ACCESO ADICIONAL DE MATERIA--TÉRMINO DE MATERIA | |
| Término de materia o nombre geográfico como elemento de entrada | Suicidio |
| Subdivisión general | Prevención y control. |
| 650 14 - PUNTO DE ACCESO ADICIONAL DE MATERIA--TÉRMINO DE MATERIA | |
| Término de materia o nombre geográfico como elemento de entrada | Suicidiología. |
| 650 14 - PUNTO DE ACCESO ADICIONAL DE MATERIA--TÉRMINO DE MATERIA | |
| Término de materia o nombre geográfico como elemento de entrada | Ideación suicida. |
| 650 14 - PUNTO DE ACCESO ADICIONAL DE MATERIA--TÉRMINO DE MATERIA | |
| Término de materia o nombre geográfico como elemento de entrada | Estrés psicológico |
| Subdivisión general | Prevención & control. |
| 650 14 - PUNTO DE ACCESO ADICIONAL DE MATERIA--TÉRMINO DE MATERIA | |
| Término de materia o nombre geográfico como elemento de entrada | Relaciones familiares. |
| 650 14 - PUNTO DE ACCESO ADICIONAL DE MATERIA--TÉRMINO DE MATERIA | |
| Término de materia o nombre geográfico como elemento de entrada | Investigación participativa basada en la comunidad. |
| 650 14 - PUNTO DE ACCESO ADICIONAL DE MATERIA--TÉRMINO DE MATERIA | |
| Término de materia o nombre geográfico como elemento de entrada | Estudiantes universitarios |
| Subdivisión general | Conducta de vida |
| Subdivisión geográfica | Bogotá |
| -- | Colombia. |
| 655 #4 - TERMINO DE INDIZACIÓN--GENERO/FORMA | |
| Datos o término principal de género/forma | Libros electrónicos. |
| 700 1# - ENTRADA AGREGADA--NOMBRE PERSONAL | |
| Nombre de persona | Niño Martínez, Bertha Jeannette, |
| Fechas asociadas al nombre | 1960- |
| Término indicativo de función/relación | editor, |
| -- | autor, |
| -- | coordinador de investigación. |
| 700 1# - ENTRADA AGREGADA--NOMBRE PERSONAL | |
| Nombre de persona | Díaz Leguizamón, Carmen Lucía, |
| Fechas asociadas al nombre | 1958- |
| 700 1# - ENTRADA AGREGADA--NOMBRE PERSONAL | |
| Nombre de persona | Olaya, Eucaris, |
| Fechas asociadas al nombre | 1968- |
| 700 1# - ENTRADA AGREGADA--NOMBRE PERSONAL | |
| Nombre de persona | Torres Cárdenas, Vilma María de Jesús, |
| Fechas asociadas al nombre | 1960- |
| Término indicativo de función/relación | autor, |
| -- | investigador. |
| 700 1# - ENTRADA AGREGADA--NOMBRE PERSONAL | |
| Nombre de persona | Márquez Ramírez, Laura Ximena, |
| Fechas asociadas al nombre | 1990- |
| Término indicativo de función/relación | autor, |
| -- | asistente de investigación. |
| 700 1# - ENTRADA AGREGADA--NOMBRE PERSONAL | |
| Nombre de persona | Fajardo Martínez, Constanza, |
| Término indicativo de función/relación | investigador auxiliar. |
| 700 1# - ENTRADA AGREGADA--NOMBRE PERSONAL | |
| Nombre de persona | Moreno, Jenny, |
| Término indicativo de función/relación | investigador auxiliar. |
| 700 1# - ENTRADA AGREGADA--NOMBRE PERSONAL | |
| Nombre de persona | Bohórquez, Diana, |
| Término indicativo de función/relación | investigador auxiliar. |
| 797 2# - PUNTO DE ACCESO ADICIONAL LOCAL--NOMBRE DE ENTIDAD CORPORATIVA (RLIN) | |
| Nombre de entidad corporativa o nombre de jurisdicción como elemento de entrada | elibro, Corp. |
| 830 #0 - PUNTO DE ACCESO ADICIONAL DE SERIE-TÍTULO UNIFORME | |
| Título uniforme | Colección Escuela de Pensamiento. |
| 856 40 - LOCALIZACIÓN Y ACCESO ELECTRÓNICOS | |
| Identificador Uniforme de Recurso | <a href="https://elibro.net/ereader/politecnicointernacional/220618">https://elibro.net/ereader/politecnicointernacional/220618</a> |
No hay ítems disponibles.